00643nam a2200181 a 450000100100000000500170001000800410002704000250006810000390009324500850013226000430021730000210026049000210028183000280030204900090033095201050033999900170044400003438020200930073653.0111004s1989 ag 000 0 spa d aDO-SdBNPbspacBNPHU1 aSpock, Benjamin,d1903-199895979810aTu hijo /cBenjamin Spock, Michael B. Rothenberg ; traducción Floreal Mazía. aBuenos Aires :bJavier Vergara,c1989. a590 p. ;c24 cm.1 aPara vivir mejor 0aPara vivir mejor950731 aBNPD 001050718MOaPDbPDcCTd2011-10-04iLF1l0o p34380-10r2020-06-25w2020-06-25y1ZNo se presta c33871d33871